Welcome to the Holygrace Academy Library

Please use search bar below to get started

RESURRECTION (Record no. 3560)

MARC details
000 -LEADER
fixed length control field 00258nam a22001337a 4500
082 ## - DEWEY DECIMAL CLASSIFICATION NUMBER
Classification number 823
Item number TOL/R
100 ## - MAIN ENTRY--AUTHOR NAME
Personal name TOLSTOY
245 ## - TITLE STATEMENT
Title RESURRECTION
250 ## - EDITION STATEMENT
Edition statement THIRD
260 ## - PUBLICATION, DISTRIBUTION, ETC. (IMPRINT)
Name of publisher PROGRESS PUBLISHERS
Year of publication 1977
300 ## - PHYSICAL DESCRIPTION
Number of Pages 584
650 ## - SUBJECT ADDED ENTRY--TOPICAL TERM
Topical Term NOVEL
942 ## - ADDED ENTRY ELEMENTS (KOHA)
Koha item type Books
Holdings
Withdrawn status Lost status Collection code Home library Current library Shelving location Date acquired Source of acquisition Full call number Accession Number Koha item type
    Fiction Main Library Main Library SHELF 16-A- ENGLISH LITERATURE COLLECTION OF WORKS 24/05/2004 PURCHASE 823 TOL/R 00215 Books